000 00910nam a22002417a 4500
999 _c16360
_d16360
003 AR-CdUCM
008 190503b ||||| |||| 00| 0 spa d
040 _aMUNICIPALIDAD PROVINCIAL DEL CUSCO
_cBIBLIOTECA MUNICIPAL DEL CUSCO
041 _hfre
082 _a335.4 /
_bP85
100 _aPrenant, Marcel
_92355
245 _aCiencias humanas y dialéctica /
260 _aMéxico :
_bGrijalbo,
_c1969.
300 _a153 páginas ;
_c19 cm.
440 _aColección 70 / Ciencias Humanas y Dialéctica.
_n39
_935758
505 _aContenido: Ciencias biológicas y sociedad -- Psicología y técnica -- Filosofía y técnica -- El materialismo dialéctico y las ciencias -- Lingüística y sociedad ...
650 _aMaterialismo
_95459
650 _aDialéctica
_95490
650 _aCiencia
_92098
700 _aWallon, Henry y ortros (coautor)
_935759
942 _2ddc
_cLIBROS
945 _aachl
_d2019-05-03